000 00642nam a22002177a 4500
999 _c3307
_d3307
003 OSt
005 20231114101218.0
008 231114b ||||| |||| 00| 0 eng d
020 _a9789673770755
040 _cKH8
082 _a400 SUF
100 _aSufi Zulkifli,
_eauthor.
245 _aHaiwan, Manusia dan Tumbuhan Membiak /
_cSufi Zulkifli.
260 _aJohor ;
_bPustaka Ewan,
_c2014.
300 _a24 pages :
_bcolor illustrations ;
_c19 cm x 26 cm.
440 _aMari Pelajari Tentang Kehidupan
650 _aAnimal
_vFiction
650 _aChildren's stories
_vMalay
830 _aMari Pelajari Tentang Kehidupan
942 _2ddc
_cTR